000 01184nam a2200217 i 4500
001 163071
003 ES-MaACL
005 20230906212650.0
008 931025s1776 sp af |||| | spa d
110 2 _aReal Maestranza de Caballería de Valencia.
_9134790
245 1 0 _aOrdenanzas de la Real Maestranza de Cavalleros de la ciudad de Valencia
_b: año de MDCCLXXV.
260 _aEn Valencia :
_ben la oficina de Benito Monfort,
_c1776.
300 _a2, 160 p, [1] h. de lám. :
_bil. ;
_c4º.
530 _aDisponible en formato digital.
597 _aSign. : [ ]², A-V4.
599 _aLa lámina es un grabado calcográfico con la imagen de la Virgen rodeada de angelotes, y en la parte inferior, el escudo de la Real Maestranza con el lema "Equestris labor nobilitati decus". Firmado: "Joseph Camaron la dibuxó, Vic[en]te Galcerán y Alapont la gravó"
599 _aGrabado calcográfico con escudo de Carlos III a toda plana en p. [3]
610 2 4 _aReal Maestranza de Caballería de Valencia.
_9134790
852 _aES-MaACL
_jR-1046
_z- Enc. piel
_x Olim: G-8083
856 _uhttp://bivaldi.gva.es/es/consulta/registro.cmd?id=3303
_zBiblioteca Valenciana Digital
999 _c163071
_d163071